Statistics for Yo Mama Joke Fill-In-The-Blank Quiz

Click here to take the quiz!

General Stats

  • This quiz has been taken 1,255 times
    (1,234 since last reset)
  • The average score is 5 of 7

Answer Stats

JokeAnswer% Correct
Yo mama so _______,her belly button got home 15 minutes before she did.Fat
99%
Yo mama so _______, when she looked out the window she got arrested for mooning.Ugly
87%
Yo mama so _______, her birth certificate says "Expired".Old
80%
Yo mama so _______, she went to the dentist's to get a bluetooth.Dumb/Stupid
71%
Yo mama so _______,she makes Chewbacca look like a shaved dog!Hairy
70%
Yo mama so _______,she lives in a potato chip bag with a dog named Chip.Poor
46%
Yo mama so _______, she goes hot tubbing with Mini Wheat Man.Skinny/Small/Short
39%

Score Distribution

Percentile by Number Answered

Percent of People with Each Score

Your Score History

You have not taken this quiz since the last reset